000 00319cam a22001337a 4500
008 180718b1958 xxu||||| |||| 00| 0 eng d
082 _aB251 P652
100 _aPine, L. G.
245 _aTwilight of monarchy
_cby L. G Pine
260 _aLondon
_bBurke
_c1958
300 _a213 p.
500 _a18/-
650 _aMonarchy
999 _c420709
_d420709